नया साहित्य नए प्रश्न/ (Record no. 1014332)

MARC details
000 -LEADER
fixed length control field 00806nam a2200217Ia 4500
003 - CONTROL NUMBER IDENTIFIER
control field OSt
005 - DATE AND TIME OF LATEST TRANSACTION
control field 20251024154057.0
008 - FIXED-LENGTH DATA ELEMENTS--GENERAL INFORMATION
fixed length control field 221004b |||||||| |||| 00| 0 hin d
020 ## - INTERNATIONAL STANDARD BOOK NUMBER
International Standard Book Number 8185999740 (hbk)
037 ## - SOURCE OF ACQUISITION
Terms of availability TB
040 ## - CATALOGING SOURCE
Original cataloging agency CRL
Transcribing agency CRL
Language of cataloging hin
041 ## - LANGUAGE CODE
Source of code hin
Language code of text/sound track or separate title hin
084 ## - COLON CLASSIFICATION NUMBER
Classification number O152:gN J9;P4
Assigning agency CRL
100 ## - MAIN ENTRY--PERSONAL NAME
Personal name वाजपेयी, नन्ददुलारे
9 (RLIN) 818363
245 #0 - TITLE STATEMENT
Title नया साहित्य नए प्रश्न/
246 ## - VARYING FORM OF TITLE
Title proper/short title Nayā sāhitya nae prashna
260 ## - PUBLICATION, DISTRIBUTION, ETC.
Place of publication, distribution, etc. दिल्ली:
Name of publisher, distributor, etc. स्वराज प्रकाशन भारत,
Date of publication, distribution, etc. 2004.
300 ## - PHYSICAL DESCRIPTION
Extent 267पृ0
Dimensions cm.
942 ## - ADDED ENTRY ELEMENTS (KOHA)
Classification part O152:gN J9;P4
Koha item type Textbook
Source of classification or shelving scheme Colon Classification (CC)
Suppress in OPAC No
Holdings
Withdrawn status Lost status Source of classification or shelving scheme Damaged status Not for loan Home library Current library Date acquired Source of acquisition Cost, normal purchase price Total Checkouts Full call number Barcode Date last seen Cost, replacement price Price effective from Koha item type
    Colon Classification (CC)     Central Library Central Library 2022-10-05 410, 23/03/2009, Swaraj Prakashan 495.00   O152:g J9;P4 CL1387055 2022-10-05 495.00 2022-10-05 Textbook
Copyright @ Delhi University Library System